ARRUPE JESUIT UNIVERSITY

CORONAVIRUS -STOP THE SPREAD - CLEAN,DISINFECT,COVER

Eco-philosophy : (Record no. 5054)

MARC details
000 -LEADER
fixed length control field 00804cam a2200265 a 4500
001 - CONTROL NUMBER
control field 3228377
005 - DATE AND TIME OF LATEST TRANSACTION
control field 20170718083944.0
008 - FIXED-LENGTH DATA ELEMENTS--GENERAL INFORMATION
fixed length control field 811205s1981 maua 000 0 eng
010 ## - LIBRARY OF CONGRESS CONTROL NUMBER
LC control number 79056846
020 ## - INTERNATIONAL STANDARD BOOK NUMBER
International Standard Book Number 0714526770 :
Terms of availability $15.00
020 ## - INTERNATIONAL STANDARD BOOK NUMBER
International Standard Book Number 0714526762 (pbk.)
040 ## - CATALOGING SOURCE
Original cataloging agency DLC
Transcribing agency DLC
Modifying agency DLC
050 00 - LIBRARY OF CONGRESS CALL NUMBER
Classification number B791
Item number .S55
082 00 - DEWEY DECIMAL CLASSIFICATION NUMBER
Classification number 190
Edition number 19
100 1# - MAIN ENTRY--PERSONAL NAME
Personal name Skolimowski, Henryk.
9 (RLIN) 33087
245 10 - TITLE STATEMENT
Title Eco-philosophy :
Remainder of title designing new tactics for living /
Statement of responsibility, etc Henryk Skolimowski.
260 ## - PUBLICATION, DISTRIBUTION, ETC. (IMPRINT)
Place of publication, distribution, etc Boston :
Name of publisher, distributor, etc M. Boyars,
Date of publication, distribution, etc 1981.
300 ## - PHYSICAL DESCRIPTION
Extent viii, 117 p. :
Other physical details ill. ;
Dimensions 21 cm.
440 #0 - SERIES STATEMENT/ADDED ENTRY--TITLE
Title Ideas in progress
9 (RLIN) 33088
650 #0 - SUBJECT ADDED ENTRY--TOPICAL TERM
Topical term or geographic name as entry element Philosophy, Modern.
9 (RLIN) 33089
650 #0 - SUBJECT ADDED ENTRY--TOPICAL TERM
Topical term or geographic name as entry element Human ecology.
9 (RLIN) 16936
650 #0 - SUBJECT ADDED ENTRY--TOPICAL TERM
Topical term or geographic name as entry element Conduct of life.
9 (RLIN) 7244
906 ## - LOCAL DATA ELEMENT F, LDF (RLIN)
a 7
b cbc
c orignew
d 2
e ocip
f 19
g y-gencatlg
942 ## - ADDED ENTRY ELEMENTS (KOHA)
Source of classification or shelving scheme Library of Congress Classification
Item type Monograph ( Printed materials)
Holdings
Withdrawn status Lost status Source of classification or shelving scheme Damaged status Not for loan Collection code Home library Current library Shelving location Date acquired Total Checkouts Full call number Barcode Date last seen Copy number Price effective from Koha item type
    Library of Congress Classification     Main Collection ARRUPE LIBRARY ARRUPE LIBRARY   27/02/2013   B791.S65 1981 46406642 27/02/2013 1 27/02/2013 Monograph ( Printed materials)

 

Arrupe Library. PO Box MP320 Mt Pleasant, Harare, Zimbabwe
263 242 745411|librarian@aju.ac.zw